00393nam a2200121Ia 4500003000400000008004100004040001600045082001800061245009100079260008800170300000800258490000500266GCL140319s9999 xx 000 0 ara d aGCL / cGCL04a341.48bف ا10aفقة الجنسيات : دراسة مقارنة فى الشريعة والقانون a[S.N] : bلجنة الاعلام والدراسات المستقبلية ، c1986 a438 a